[Event "11th Mumbai Mayors Cup 2018"]
[Site "Mumbai"]
[Date "2018.06.08"]
[Round "8"]
[White "Rathanvel, V S"]
[Black "Burmakin, Vladimir"]
[Result "1-0"]
[WhiteElo "2301"]
[BlackElo "2528"]
[Annotator "TA"]
[PlyCount "97"]
[EventDate "2018.??.??"]
[EventType "swiss"]
[EventCountry "IND"]
[SourceTitle "playchess.com"]
[Source "ChessBase"]
[SourceQuality "1"]

{[%evp 15,97,31,42,32,24,34,40,39,55,12,76,79,78,56,91,86,93,25,27,31,31,27,31,33,36,55,53,31,40,25,66,54,55,51,113,87,93,101,134,148,150,133,130,123,233,231,242,211,213,211,208,201,501,500,500,493,493,493,493,493,493,493,493,493,475,457,763,762,756,752,753,748,738,732,707,700,707,698,29984,29985,29985,29986,29981,29969]} 1. e4 c6 2. d4 d5 3. e5 Bf5 4. Nf3 e6 5. Be2 Ne7 6. O-O h6 7. Nbd2 {B12: Caro-Kann (Vorstoß-Variante)} Bh7 (7... Nd7 8. Nb3 Bg6 9. a4 a5 10. c3 Nf5 11. Ne1 Be7 12. Nd3 O-O 13. f4 b6 14. g4 Nh4 {1-0 (41) Rodshtein,M (2678)-Riazantsev,A (2662) Sochi 2018}) 8. Nb3 Ng6 {LiveBook: 6 Partien} 9. a4 {Weiß steht etwas besser.} Be7 10. a5 O-O 11. Be3 Na6 12. g3 Nc7 (12... Qc7 $11 {bleibt in der Remisbreite.}) 13. h4 $16 {[#]} Re8 $146 ({Vorgänger:} 13... f6 14. h5 Nh8 15. exf6 Bxf6 {½-½ (70) Iovcov,V (2423)-Burmakin,V (2558) Riga 2015}) 14. Bd3 b6 15. Qe2 Qb8 16. Nh2 (16. c3 $16) 16... c5 $1 $11 {[%cal Rc5c4] und nun wäre ...c4 stark für Schwarz.} 17. axb6 axb6 18. Rxa8 Nxa8 19. h5 Nf8 20. Bxh7+ Nxh7 21. f4 ({Viel schlechter ist} 21. dxc5 bxc5 22. Nxc5 (22. Bxc5 Bxc5 23. Nxc5 Qxb2 $15) 22... Bxc5 $11) 21... Nc7 22. Nf3 {[%cal Bh2f3,Bf3e5,Be5g6][%mdl 32]} Rf8 23. g4 c4 24. Nbd2 f6 (24... Kh8 $14) 25. exf6 Nxf6 26. Ne5 {Droht stark g5.} Bd6 27. Ng6 Rf7 28. g5 Nh7 29. Nf3 hxg5 (29... Qe8 $16 30. gxh6 gxh6) 30. fxg5 $18 {[%cal Bf4g5,Bg5g6][%mdl 32]} Qe8 31. Ngh4 Rf8 {[#]} 32. g6 $1 {[%cal Rg6h7]} Nf6 33. h6 gxh6 $2 (33... Ne4 {ist wohl besser.}) 34. Bxh6 Ne4 35. Bxf8 Ng3 36. Qh2 Qxf8 {[#]} 37. Nf5 $1 {[%csl Gg6][%cal Rh2h7][%mdl 512]} Ne2+ (37... exf5 38. Qh7#) 38. Qxe2 {Und weiter mit S3h4 wäre nett.} Qxf5 39. Ne5 Qg5+ 40. Qg4 Qxg4+ (40... Be7 $142 41. Kg2 Nb5 42. Qxg5 Bxg5) 41. Nxg4 {[%mdl 4096] Endspiel Weiss will mit Tf7 Matt setzen. KTS-KLS} Kg7 42. Rf6 b5 43. c3 {[%cal Bc2c3,Bc3b4][%mdl 32]} b4 44. cxb4 Nb5 45. Rxe6 Bf4 46. Nf6 {jetzt Sh5+ und aus.} Bg5 47. Nh5+ {Weiß setzt Matt.} Kf8 48. g7+ Kf7 49. Rg6 {Precision: Weiß = 85%, Schwarz = 38%.} 1-0

[Event "11th Mumbai Mayors Cup 2018"]
[Site "Mumbai"]
[Date "2018.06.08"]
[Round "8"]
[White "Raja Rithvik R"]
[Black "Tran, Tuan Minh"]
[Result "1/2-1/2"]
[WhiteElo "2296"]
[BlackElo "2514"]
[Annotator "TA"]
[PlyCount "108"]
[EventDate "2018.??.??"]
[EventType "swiss"]
[EventCountry "IND"]
[SourceTitle "playchess.com"]
[Source "ChessBase"]
[SourceQuality "1"]

{[%evp 23,108,18,23,2,8,7,3,5,0,0,5,0,15,0,0,0,0,0,17,0,0,0,0,0,0,-9,-12,-313,-12,-12,-6,-19,-3,-18,-16,-45,-6,-12,-4,-2,-4,-9,0,-8,-8,-8,0,0,0,0,0,0,0,0,37,37,37,37,37,53,59,37,37,37,37,34,34,30,30,30,30,0,24,17,82,0,8,0,73,0,50,29,36,0,28,0,28]} 1. Nf3 Nf6 2. c4 b6 3. g3 Bb7 4. Bg2 e6 5. O-O Be7 6. Nc3 O-O 7. d4 {[%cal Bd2d4,Bd4d5][%mdl 32]} Ne4 8. Bd2 Bf6 9. Rc1 d6 10. d5 Nxc3 11. Bxc3 Bxc3 12. Rxc3 e5 13. b4 {E18: Queen's Indian: Old Main Line (4 g3 Bb7 5 Bg2 Be7 6 0-0 0-0 7 Nc3)} (13. e4 a5 14. Nd2 Nd7 15. f4 Qe7 16. Nf3 f6 17. Re1 Nc5 18. Rce3 Bc8 19. Qc2 Bd7 20. b3 Rfb8 21. a3 b5 22. cxb5 Rxb5 {1-0 (55) Nakamura,H (2785)-Anton Guijarro,D (2650) Caleta 2017}) 13... a5 14. a3 Nd7 15. Qc2 Ra7 16. Rb1 $146 ({Predecessor:} 16. e4 Qe7 17. Bh3 axb4 18. axb4 Bc8 19. Nd2 Nf6 20. Bxc8 Rxc8 {½-½ (60) Faizrakhmanov,R (2432)-Levin,E (2506) Moscow 2017}) 16... Qe7 17. Nd2 Rfa8 18. Nb3 axb4 19. axb4 Nf6 20. e4 c5 21. bxc5 bxc5 22. Nd2 g6 23. Rcb3 Kg7 24. h3 Bc8 25. Rb8 $2 {[%mdl 8192]} (25. Nf1 $11) 25... Ra2 $2 (25... Rxb8 $19 26. Rxb8 Bb7) 26. R8b2 $11 R2a3 27. Rb3 h5 28. Rxa3 Rxa3 29. Qb2 Ra6 30. Ra1 Rxa1+ 31. Qxa1 h4 32. g4 Kh6 33. Qe1 Nh7 34. Nf3 Ba6 35. Qa1 Bc8 36. Qa8 Bb7 37. Qh8 {[#] g5+ is the strong threat.} g5 38. Qb8 Kg7 39. Nd2 {aiming for Nf1.} Ba6 $1 40. Nf1 Qf8 41. Qb6 Bc8 42. Ne3 Qe7 43. Qb8 Bd7 44. Qc7 {Threatens to win with Nf5+.} Kf6 45. Bf1 Nf8 46. Kh2 Ng6 47. Kg1 Kg7 48. Bd3 f6 {[#]} (48... Kh7 $11) 49. Bf1 (49. Bc2 $1 $16) 49... Kf7 50. Kh2 Nf8 (50... Nf4 $11) 51. Kg1 (51. Be2 $16) 51... Ke8 52. Qb8+ Kf7 53. Qc7 Be8 54. Qb8 Bd7 $1 {Precision: White = 42%, Black = 47%.} 1/2-1/2

[Event "11th Mumbai Mayors Cup 2018"]
[Site "Mumbai"]
[Date "2018.06.08"]
[Round "8"]
[White "Sauravh, Khherdekar"]
[Black "Rahman, Ziaur"]
[Result "0-1"]
[WhiteElo "2244"]
[BlackElo "2498"]
[Annotator "TA"]
[PlyCount "62"]
[EventDate "2018.??.??"]
[EventType "swiss"]
[EventCountry "IND"]
[SourceTitle "playchess.com"]
[Source "ChessBase"]
[SourceQuality "1"]

{[%evp 21,62,-43,-43,-72,-78,-74,-77,-77,-20,-26,-32,-26,-17,-17,-32,-44,-56,-56,-35,-45,-30,-22,-18,-73,-36,-56,0,-18,-3,-3,-3,-20,-12,-19,-19,-20,-8,-36,-36,-477,-489,-475,-445]} 1. d4 d5 2. Bf4 e6 3. e3 Bd6 4. Bg3 Nf6 5. Nd2 O-O 6. Bd3 c5 7. c3 Nc6 8. Ngf3 b6 9. Ne5 Bb7 10. f4 {D02: 1 d4 d5 2 Nf3 sidelines, including 2...Nf6 3 g3 and 2...Nf6 3 Bf4} (10. O-O Qc7 11. f4 Ne7 12. Qb1 Qc8 13. Bh4 Nf5 14. Bxf5 exf5 15. Bxf6 gxf6 16. Nef3 Qe6 17. Re1 Ba6 18. Nh4 cxd4 19. exd4 {1-0 (28) Korobov,A (2692)-Dominguez Perez,L (2739) Doha 2016}) 10... Ne7 11. Bh4 Ne4 {LiveBook: 7 Games} 12. Bxe4 {Black is slightly better.} dxe4 13. dxc5 $146 ({Predecessor:} 13. Bxe7 Qxe7 14. O-O f6 15. Ng4 Ba6 16. Re1 cxd4 17. Nxe4 {0-1 (73) Pham,L (2389)-Vaibhav,S (2527) Jakarta 2013}) 13... Bxc5 14. Nb3 {[#] Hoping for Qxd8.} Bd6 (14... Qxd1+ $17 15. Rxd1 Nd5 16. Nxc5 bxc5) 15. Nc4 $11 Bd5 16. Nxd6 Qxd6 17. Bxe7 Qxe7 18. Nd4 Bc4 19. Qg4 f5 20. Qg3 b5 21. Kf2 Rf6 22. Rhd1 (22. Qh4 $11) 22... Rg6 $17 23. Qh3 Rc8 (23... e5 $1 $15 24. Nxf5 Qf8) 24. Rd2 Bd3 25. a3 a5 26. Rad1 b4 $36 {[%mdl 2048] White is under pressure.} 27. cxb4 axb4 28. axb4 Qxb4 29. Qh4 Rg4 30. Qh5 $2 {[%mdl 8192] [#]} ({Only move:} 30. Qh3 $15) 30... Rxf4+ $1 $19 {[%mdl 512]} 31. Nf3 (31. exf4 Qxd4+) 31... Qb6 {Precision: White = 37%, Black = 58%.} ({Less strong is} 31... exf3 32. exf4 Qb6+ 33. Kxf3 $15) 0-1

[Event "11th Mumbai Mayors Cup 2018"]
[Site "Mumbai"]
[Date "2018.06.08"]
[Round "8"]
[White "Raahul V S"]
[Black "Rathnakaran, K.."]
[Result "0-1"]
[WhiteElo "2233"]
[BlackElo "2385"]
[Annotator "ChessBase"]
[PlyCount "98"]
[EventDate "2018.??.??"]
[EventType "swiss"]
[EventCountry "IND"]
[SourceTitle "playchess.com"]
[Source "ChessBase"]
[SourceQuality "1"]
[TimeControl "5400+30"]

1. c4 {[%emt 0:00:00]} g6 {[%emt 0:00:07]} 2. Nc3 {[%emt 0:00:00]} Bg7 {[%emt 0:00:05]} 3. d4 {[%emt 0:00:00]} d6 {[%emt 0:00:06]} 4. e4 {[%emt 0:00:00]} Nf6 {[%emt 0:00:45]} 5. f3 {[%emt 0:00:20]} O-O {[%emt 0:00:08]} 6. Be3 {[%emt 0:00:03]} e5 {[%emt 0:00:08]} 7. d5 {[%emt 0:00:10]} c6 {[%emt 0:01:30]} 8. Bd3 {[%emt 0:00:16]} cxd5 {[%emt 0:00:12]} 9. cxd5 {[%emt 0:00:02]} a6 {[%emt 0:00:06]} 10. Qd2 {[%emt 0:00:39]} b5 {[%emt 0:00:18]} 11. Nge2 {[%emt 0:00:35]} Nbd7 {[%emt 0:00:19]} 12. b4 {[%emt 0:00:05]} Nb6 {[%emt 0:00:43]} 13. a4 {[%emt 0:01:19]} Nc4 {[%emt 0:04:45]} 14. Bxc4 {[%emt 0:00:05]} bxc4 {[%emt 0:00:03]} 15. Qa2 {[%emt 0:00:13]} Qc7 {[%emt 0:00:19]} 16. b5 {[%emt 0:00:47]} Nd7 {[%emt 0:00:06]} 17. O-O {[%emt 0:01:18]} a5 {[%emt 0:03:41]} 18. Rfc1 {[%emt 0:04:41]} Bb7 {[%emt 0:00:05]} 19. Nd1 {[%emt 0:02:19]} Rfc8 {[%emt 0:00:06]} 20. Nb2 {[%emt 0:00:16]} Nb6 {[%emt 0:03:51]} 21. Rc2 {[%emt 0:01:42]} Bxd5 {[%emt 0:01:41]} 22. exd5 {[%emt 0:00:56]} Nxd5 {[%emt 0:00:04]} 23. Rxc4 {[%emt 0:00:39]} Qb7 {[%emt 0:00:41]} 24. Bd2 {[%emt 0:01:28]} Qa7+ {[%emt 0:02:49]} 25. Kh1 {[%emt 0:01:52]} Ne7 {[%emt 0:00:57]} 26. Rf1 {[%emt 0:06:04]} d5 {[%emt 0:01:42]} 27. Rxc8+ {[%emt 0:00:27]} Rxc8 {[%emt 0:00:06]} 28. Qb3 {[%emt 0:00:10]} Qb6 {[%emt 0:00:34]} 29. Bg5 {[%emt 0:00:13]} Bf6 {[%emt 0:03:26]} 30. Bxf6 {[%emt 0:00:35]} Qxf6 {[%emt 0:00:04]} 31. Nd1 {[%emt 0:02:19]} Qd6 {[%emt 0:09:49]} 32. Ne3 {[%emt 0:02:38]} Kg7 {[%emt 0:23:02]} 33. Nc3 {[%emt 0:01:38]} d4 {[%emt 0:02:17]} 34. Ne4 {[%emt 0:00:14]} Qb6 {[%emt 0:08:50]} 35. Nc4 {[%emt 0:01:13]} Qe6 {[%emt 0:00:08]} 36. Nxa5 {[%emt 0:00:18]} Nd5 {[%emt 0:00:04]} 37. Nc6 {[%emt 0:01:04]} f5 38. Nc5 {[%emt 0:04:34]} Qd6 {[%emt 0:00:47]} 39. Na6 {[%emt 0:00:24]} Ne3 {[%emt 0:00:28]} 40. Re1 {[%emt 0:00:31]} Re8 {[%emt 0:04:41]} 41. f4 {[%emt 0:06:53]} exf4 {[%emt 0:01:26]} 42. Qd3 {[%emt 0:01:03]} Ng4 {[%emt 0:08:09]} 43. Rf1 {[%emt 0:03:47]} Re1 {[%emt 0:00:15]} 44. Kg1 {[%emt 0:10:13]} f3 {[%emt 0:00:28]} 45. g3 {[%emt 0:00:03]} f2+ {[%emt 0:00:34]} 46. Kg2 {[%emt 0:00:01]} Qd5+ {[%emt 0:03:57]} 47. Kh3 {[%emt 0:00:02]} Rxf1 {[%emt 0:00:14]} 48. Qxf1 {[%emt 0:00:02]} f4 {[%emt 0:00:35]} 49. b6 {[%emt 0:04:28]} Ne3 {[%emt 0:03:14]} 0-1

[Event "11th Mumbai Mayors Cup 2018"]
[Site "Mumbai"]
[Date "2018.06.08"]
[Round "8"]
[White "Phadke Sohan"]
[Black "Sankalp Gupta"]
[Result "1/2-1/2"]
[WhiteElo "2222"]
[BlackElo "2365"]
[Annotator "TA"]
[PlyCount "55"]
[EventDate "2018.??.??"]
[EventType "swiss"]
[EventCountry "IND"]
[SourceTitle "playchess.com"]
[Source "ChessBase"]
[SourceQuality "1"]

{[%evp 13,55,31,42,23,36,0,0,0,136,134,149,112,139,0,0,0,0,0,0,0,0,-437,102,126,130,144,90,0,0,0,0,0,255,214,367,0,0,0,0,0,0,0,0,0]} 1. d4 Nf6 2. Bf4 g6 3. Nc3 d5 4. e3 Bg7 5. h4 O-O (5... h5 6. Nf3 Bg4 7. Be2 Bxf3 8. Bxf3 c6 9. Qd2 Nbd7 10. O-O-O b5 11. Kb1 {½-½ (34) Aronian,L (2797)-Vachier Lagrave,M (2793) Caleta 2018}) 6. h5 {A45: Trompowsky Attack} c5 7. hxg6 hxg6 {LiveBook: 4 Games} 8. Qd2 {White is slightly better.} Nc6 9. O-O-O Qa5 $146 ({Predecessor:} 9... c4 10. f3 b5 11. g4 b4 {½-½ (26) Kulaots,K (2577)-Wan,Y (2482) Riga 2017}) 10. f3 Be6 (10... Nh5 $1 $11 {remains equal.} 11. Nge2 Nxf4 12. Nxf4 cxd4 13. exd4 Rd8) 11. g4 $1 $16 Rfc8 12. Qh2 {Hoping for Bh6.} cxd4 13. Bh6 (13. exd4 $16 {Black must now prevent Bh6.} Nb4 14. Nge2) 13... dxc3 $11 14. Bxg7 {[%csl Gg7,Gh1][%cal Rh2h8]} cxb2+ 15. Kb1 {[%csl Gg7,Gh1][%cal Rh2h8]} Nh5 $1 16. Bxb2 $40 {[%mdl 128] Threatens to win with a3. White is up to no good.} Nb4 $1 {[%csl LRa2,LRc2]} 17. Bd3 $2 {[%mdl 8192]} (17. a3 $11 Nxc2 18. gxh5) 17... d4 $2 (17... Qxa2+ $19 18. Kc1 d4 $1 {[%mdl 512]}) 18. a3 $1 $16 {[%cal Ra3b4]} Nxd3 19. Rxd3 Bc4 (19... Qe1+ $142 20. Bc1 Ba2+ $1 {[%mdl 512]} 21. Kb2 Bc4) 20. Rxd4 (20. Rd1 $16 d3 21. cxd3) 20... Qe1+ $11 21. Bc1 Rc6 {( -> ...Rb6+)} 22. Rxc4 Rxc4 $4 {[%mdl 8192]} (22... Rb6+ $1 $11 {and Black stays safe.} 23. Rb4 Rxb4+ 24. axb4 Qxb4+ 25. Bb2 Qe1+ 26. Ka2 Qa5+ 27. Ba3 Qd5+ 28. Kb1 Qb5+ 29. Kc1 Qf1+ 30. Kd2 (30. Kb2 Qb5+ 31. Ka1 Qf1+ 32. Kb2 Qb5+ 33. Kc1 Qf1+ 34. Kb2 $11) 30... Rd8+ 31. Kc3 Qa6 32. Bxe7 Qa1+ 33. Kb3 Qb1+ 34. Ka3 Qa1+ 35. Kb3 Qb1+ 36. Ka3 Qa1+ 37. Kb3) 23. gxh5 $18 g5 $2 (23... Rb4+ {might work better.} 24. axb4 Qxb4+ 25. Bb2 Qe1+ 26. Ka2 Qa5+ 27. Ba3 Qd5+ 28. Ka1 Qa5) 24. Qe5 $2 (24. Nh3 $18 Qa5 {[#]} 25. Nxg5 $1 {[%mdl 512]}) 24... Rxc2 $1 $11 {[%csl Gc2][%cal Re1c1] The position is equal.} 25. Qxg5+ Kf8 {[%csl Gc2][%cal Re1c1]} 26. Qh6+ (26. Kxc2 $2 Rc8+ 27. Kd3 Qxc1 $19) 26... Kg8 {[%csl Gc2][%cal Re1c1]} 27. Qg5+ $1 (27. Kxc2 $2 {too greedy.} Rc8+ 28. Kd3 Qxc1 $19) 27... Kf8 {[%csl Gc2][%cal Re1c1]} 28. Qh6+ {Precision: White = 52%, Black = 71%.} (28. Kxc2 $2 {perishes.} Rc8+ 29. Kd3 Qxc1 $19) 1/2-1/2

[Event "11th Mumbai Mayors Cup 2018"]
[Site "Mumbai"]
[Date "2018.06.08"]
[Round "8"]
[White "Nguyen, Phuoc Tam"]
[Black "Nguyen, Van Huy"]
[Result "0-1"]
[WhiteElo "2214"]
[BlackElo "2451"]
[Annotator "TA"]
[PlyCount "102"]
[EventDate "2018.??.??"]
[EventType "swiss"]
[EventCountry "IND"]
[SourceTitle "playchess.com"]
[Source "ChessBase"]
[SourceQuality "1"]

{[%evp 21,102,-9,4,-6,0,0,-9,-14,-17,-32,-22,-45,-43,-41,-45,-52,-46,-89,-81,-77,-80,-70,-81,-98,-91,-88,-97,-308,-278,-293,-305,-356,-354,-341,-357,-378,-378,-377,-375,-373,-255,-266,-257,-250,-246,-374,-375,-382,-376,-372,-369,-361,-346,-334,-303,-347,-347,-330,-320,-397,-386,-443,-433,-569,-552,-522,-459,-596,-581,-549,-426,-527,-404,-451,0,-637,-621,-730,-700,-687,-681,-743,-746]} 1. Nf3 Nf6 2. g3 d5 3. Bg2 c6 4. O-O Bg4 5. d3 Nbd7 6. Nbd2 e5 7. e4 Bd6 8. h3 Bh5 9. c3 O-O 10. Qc2 Re8 11. Re1 Qc7 {LiveBook: 8 Games} 12. Nf1 {B10: Caro-Kann: 2 d3 and 2 c4} (12. a3 a5 13. b3 Bg6 14. Nh4 Rad8 15. Nxg6 hxg6 16. Bb2 Bf8 17. Rad1 dxe4 18. dxe4 Nc5 19. Bf1 b5 {0-1 (49) Vasquez Schroder,R (2507)-Dlugy,M (2518) ICC INT 2009}) 12... dxe4 13. dxe4 Nc5 14. Bg5 {The position is equal.} Nfd7 15. Rad1 f6 16. Bc1 $146 ({Predecessor:} 16. Be3 b5 17. Rd2 Nb6 18. Red1 Bf8 19. b3 a5 {0-1 (61) Klewe,W (2283)-Vecek,M (2263) ICCF email 2014}) 16... Bf8 17. Ne3 a5 18. Nf5 a4 19. b4 axb3 $1 20. axb3 Bf7 $36 {[%mdl 2048] Black has strong initiative.} 21. Nd2 b5 22. Ne3 Nb6 {[%cal Bd7b6,Bb6a4,Ba4c3,Bc3d1][%mdl 32]} 23. Bf1 Red8 24. b4 $2 (24. Bb2 $17 {was necessary.}) 24... Ra2 $1 $19 {[%cal Ra2c2]} 25. bxc5 {[#]} Na4 $1 ({And not} 25... Rxc2 26. cxb6 Qxb6 27. Nxc2 $11) 26. Qb1 Nxc3 27. Qb4 Nxd1 28. Rxd1 Qa7 29. Nf3 Rxd1 30. Nxd1 Qxc5 31. Qb1 Qc2 32. Qxc2 Rxc2 33. Bb2 {[#]} (33. Bd2 $142) 33... Bc4 $1 34. Bxc4+ Rxc4 35. Kf1 Rxe4 36. Nd2 Ra4 37. Ke2 Bb4 38. Nb1 Kf7 39. Kd3 Ke6 40. f3 Ra8 41. Ne3 c5 {[%cal Bc6c5,Bc5c4][%mdl 32]} 42. f4 exf4 43. gxf4 g6 44. Ng4 c4+ 45. Kc2 Be7 46. Nd2 Rc8 {Strongly threatening ...c3!} 47. Bd4 Ra8 $2 (47... f5 $19 48. Ne5 Ra8) 48. Ne3 $2 {[%mdl 8192]} (48. Bb2 $11 f5 49. Ne5) 48... Bd6 {Black is clearly winning.} 49. Ne4 Bxf4 50. Nc5+ Kf7 51. Nd5 Rd8 {Precision: White = 39%, Black = 83%.} 0-1

[Event "11th Mumbai Mayors Cup 2018"]
[Site "Mumbai"]
[Date "2018.06.08"]
[Round "8"]
[White "Aaryan Varshney"]
[Black "Viani Antonio Dcunha"]
[Result "1-0"]
[WhiteElo "2209"]
[BlackElo "2424"]
[Annotator "TA"]
[PlyCount "80"]
[EventDate "2018.??.??"]
[EventType "swiss"]
[EventCountry "IND"]
[SourceTitle "playchess.com"]
[Source "ChessBase"]
[SourceQuality "1"]

{[%evp 17,80,-29,0,-20,0,0,0,0,0,0,0,0,8,0,8,0,0,-18,-11,-18,-16,-18,-15,-10,-11,-43,0,0,0,-2,0,0,0,0,9,-136,-114,-212,-210,-226,-198,-433,-344,-421,-67,-77,-71,-100,13,13,5,8,32,32,32,31,109,90,156,156,194,194,345,334,304]} 1. Nf3 Nf6 2. g3 c5 3. Bg2 Nc6 4. c4 d5 5. cxd5 Nxd5 6. Nc3 g6 7. d3 Bg7 8. Bd2 O-O 9. O-O Nc7 10. Rc1 {A38: Symmetrical English vs ...g6: 4 Bg2 Bg7 5 Nf3 Nf6} (10. a3 a5 11. Rc1 b6 12. Na4 Rb8 13. Bc3 e5 14. Bd2 h6 15. Be3 Nd5 16. Bd2 Be6 17. Nc3 Qd7 18. Nxd5 Bxd5 {0-1 (59) Sjugirov,S (2650)-Salem,A (2638) Riadh 2017}) 10... e5 11. a3 Bd7 $146 ({Predecessor:} 11... b6 12. b4 cxb4 13. Ne4 Bb7 14. axb4 Nb5 15. Nc3 Nxc3 16. Bxc3 Qd7 17. Nd2 Rac8 {0-1 (41) Van der Sterren,P (2470)-Winants,L (2465) Dordrecht 1988}) 12. Ne4 {The position is equal.} b6 13. b4 cxb4 14. axb4 Nb5 15. Nc3 Nd6 16. Qb3 Rc8 17. Qa3 Bg4 18. b5 Nd4 19. Nxd4 $1 exd4 20. Nd5 Nxb5 21. Qb4 {Ne7+ is the strong threat.} Rxc1 (21... Nc3 $5 22. Bxc3 a5 $15) 22. Rxc1 a6 23. Qa4 Bxe2 {[#]} 24. Rc8 $1 {[%cal Rc8d8][%mdl 512]} Qd6 (24... Qxc8 25. Ne7+) 25. Rc6 Qe5 26. Qb3 (26. Qxa6 $11 Bxd3 27. Bb4) 26... Bg4 $1 $17 27. Be4 {[#]} (27. Rc1 $17) 27... Be6 $1 $19 28. Bf4 Qh5 29. Ne7+ (29. Rxe6 $142 fxe6 30. Nxb6) 29... Kh8 30. Bd5 Nc3 $2 (30... Bd7 $19 {aiming for ...Qe2.} 31. Rc1 Nc3) 31. Bxe6 $15 Ne2+ 32. Kg2 {Threatens to win with Bh3.} fxe6 (32... Nxf4+ $17 33. gxf4 Qh4) 33. Qxe6 $11 {White wants to mate with Rc8.} Nxf4+ 34. gxf4 {[%cal Bg3f4,Bf4e5,Be5e6][%mdl 32] Intending Rc8 and mate.} Bf6 {And now ...Bxe7 would win.} 35. Nd5 $40 {[%mdl 128] White mounts an attack.} Bd8 36. Qe5+ Qxe5 (36... Kg8 $1 $14) 37. fxe5 $16 Kg7 {[#]} ({Black should play} 37... a5) 38. e6 $1 Re8 39. Rc8 Kf8 $2 {[#]} (39... Rf8 40. f4 b5) 40. Rxd8 $1 $18 {[%mdl 512]} Rxd8 {Precision: White = 37%, Black = 53%.} 1-0

[Event "11th Mumbai Mayors Cup 2018"]
[Site "Mumbai"]
[Date "2018.06.08"]
[Round "8"]
[White "Karthikeyan Pandiyan"]
[Black "Manigandan, S S"]
[Result "1/2-1/2"]
[WhiteElo "1425"]
[BlackElo "2216"]
[Annotator "NA"]
[PlyCount "91"]
[EventDate "2018.??.??"]
[EventType "swiss"]
[EventCountry "IND"]
[SourceTitle "playchess.com"]
[Source "ChessBase"]
[SourceQuality "1"]
[TimeControl "5400+30"]

1. e4 {[%emt 0:00:00]} e6 {[%emt 0:00:17]} 2. d4 {[%emt 0:00:00]} d5 {[%emt 0:00:06]} 3. Nc3 {[%emt 0:00:03]} Bb4 {[%emt 0:00:11]} 4. e5 {[%emt 0:00:35]} c5 {[%emt 0:00:06]} 5. a3 {[%emt 0:00:17]} Bxc3+ {[%emt 0:00:12]} 6. bxc3 {[%emt 0:00:06]} Ne7 {[%emt 0:00:07]} 7. Qg4 {[%emt 0:00:15]} Qc7 {[%emt 0:00:25]} 8. Bd3 {[%emt 0:01:31]} cxd4 {[%emt 0:01:53]} 9. Ne2 {[%emt 0:01:03]} dxc3 {[%emt 0:00:59]} 10. Qxg7 {[%emt 0:01:06]} Rg8 {[%emt 0:00:05]} 11. Qxh7 {[%emt 0:00:12]} Qxe5 {[%emt 0:00:15] C18: French: 3 Nc3 Bb4: Main line: 7 h4 and 7 Qg4} 12. h4 {[%emt 0:02:02]} (12. Bf4 Qf6 13. h4 Rxg2 14. Kf1 Rg8 15. Rg1 Rh8 16. Bg5 Rxh7 17. Bxf6 Rh6 18. Bg5 Rh8 19. Bf6 Rh6 20. Bg5 Rh8 21. Bf6 {½-½ (21) Leko,P (2728)-Shirov,A (2713) Saratov 2011}) 12... Nd7 {[%emt 0:14:35]} 13. Bf4 {[%emt 0:08:11]} Qf6 {[%emt 0:00:11]} 14. Bg5 {[%emt 0:00:52]} Qh8 {[%emt 0:00:05]} 15. Qxh8 {[%emt 0:02:18]} Rxh8 {[%emt 0:00:04]} 16. Nxc3 {[%emt 0:00:46]} a6 {[%emt 0:00:09]} 17. g4 $146 {[%emt 0:03:48]} ({Predecessor:} 17. O-O-O f6 18. Be3 b5 19. f4 {½-½ (42) Collins,S (2490)-Pert,N (2562) England 2015}) 17... f6 {[%emt 0:02:40]} 18. Bd2 {[%emt 0:04:15]} Nc5 {[%emt 0:05:58]} 19. Be2 {[%emt 0:05:58]} d4 {[%emt 0:14:58]} 20. Nd1 {[%emt 0:00:10]} Bd7 {[%emt 0:02:51]} 21. f3 {[%emt 0:05:23]} Ba4 {[%emt 0:20:26]} 22. Rc1 {[%emt 0:01:38]} Rc8 23. Nb2 Nd5 24. Nxa4 {[%emt 0:05:14]} Nxa4 {[%emt 0:07:01]} 25. Bd3 {[%emt 0:00:35]} Nc5 {[%emt 0:05:57]} 26. Bc4 {[%emt 0:04:30]} Nc3 {[%emt 0:03:59]} 27. h5 {[%emt 0:07:38]} b5 {[%emt 0:02:19]} 28. Bd3 {[%emt 0:00:40]} Nxd3+ {[%emt 0:02:24]} 29. cxd3 {[%emt 0:01:31]} a5 {[%emt 0:02:28]} 30. Rc2 {[%emt 0:05:00]} e5 {[%emt 0:06:49]} 31. f4 {[%emt 0:07:37]} exf4 {[%emt 0:01:02]} 32. Rf1 {[%emt 0:01:55]} Ke7 {[%emt 0:07:26]} 33. Rxf4 {[%emt 0:00:00]} Rhd8 {[%emt 0:00:03]} 34. Rf5 {[%emt 0:11:41]} Ke6 {[%emt 0:00:02]} 35. h6 {[%emt 0:01:17]} Rd5 {[%emt 0:01:16]} 36. Rf3 {[%emt 0:07:57]} Rd7 {[%emt 0:00:39]} 37. Rb2 {[%emt 0:00:53]} Rd5 {[%emt 0:00:31]} 38. Rb3 {[%emt 0:01:11]} Rdc5 {[%emt 0:00:18]} 39. Rf4 {[%emt 0:00:35]} Rd5 {[%emt 0:00:37]} 40. Kf1 {[%emt 0:02:41]} Kf7 {[%emt 0:00:29]} 41. g5 {[%emt 0:02:38]} Rxg5 {[%emt 0:00:02]} 42. Rxd4 {[%emt 0:00:23]} Rf5+ {[%emt 0:00:01]} 43. Rf4 {[%emt 0:00:12]} Rxf4+ {[%emt 0:00:14]} 44. Bxf4 {[%emt 0:00:01]} Nd5 $11 {[%emt 0:00:57]} 45. Bd2 {[%emt 0:00:16]} b4 {[%emt 0:00:46]} 46. axb4 {[%emt 0:00:24]} 1/2-1/2